| 000 | 01496nam a2200385 i 4500 | ||
|---|---|---|---|
| 003 | CO-BoRNBP | ||
| 005 | 20230404152508.0 | ||
| 007 | ta | ||
| 008 | 211026s2021 ck a ||br ||| 00| j spa d | ||
| 020 | _a9789585499157 | ||
| 040 |
_aCO-BoRNBP _bspa _erda _cCO-BoRNBP |
||
| 041 | 1 |
_aspa _hpor |
|
| 043 | _ae-po--- | ||
| 084 | _aC MAR44 | ||
| 100 | 1 |
_aMartins, Isabel Minhós _d1974- _eautora _9987 |
|
| 245 | 1 | 0 |
_aCuando yo nací _ctexto Isabel Minhós Martins ; ilustraciones Madalena Matoso ; traducción del portugués Patric de San Pedro |
| 250 | _aEdición especial | ||
| 264 | 1 |
_aBogotá, Colombia _bEdiciones Monserrate _bTakatuka _c2021 |
|
| 300 |
_a[26] páginas sin numerar _bilustraciones a color _c22 cm |
||
| 336 |
_atexto _btxt _2rdacontent |
||
| 337 |
_asin mediación _bn _2rdamedia |
||
| 338 |
_avolumen _bnc _2rdacarrier |
||
| 490 | 0 | _aPlan Nacional de Lectura y Escritura Leer es mi Cuento / Ministerio de Cultura | |
| 521 | _aRecomendado para un público infantil mayor de 6 años | ||
| 534 | _tQuando eu nasci | ||
| 650 | 1 | 7 |
_aCuentos infantiles portugueses _ySiglo XX _2LEMB _9988 |
| 650 | 1 | 7 |
_aLiteratura infantil portuguesa _ySiglo XX _2LEMB _9989 |
| 650 | 1 | 7 |
_aAutores portugueses _ySiglo XX _2LEMB _9990 |
| 650 | 1 | 7 |
_aSentidos _vCuentos _2LEMB _9991 |
| 650 | 1 | 7 |
_aNacimiento _vCuentos _2LEMB _9992 |
| 650 | 1 | 7 |
_aEmbarazo _vCuentos _2LEMB _9993 |
| 700 | 1 |
_aMatoso, Madalena _d1974- _eilustradora _9994 |
|
| 700 | 1 |
_aSan Pedro, Patric de _etraductor _9995 |
|
| 942 |
_cBKLIT _2ddc |
||
| 999 |
_c9344 _d9344 |
||